000 00665nam a2200253 i 4500
001 C2-0315847
003 PPAK
005 20180728111703.0
008 120708s2010 xxka|||| ||||| | eng d
020 _a9781848103016
040 _aPPAK
_beng
_cPPAK
_erda
082 0 4 _a612
_223
090 0 0 _a612
_bFAR
_dR
100 1 _aFarndon, John,
_eauthor
245 1 0 _aBody
264 1 _aUnited Kingdom :
_bMiles Kelly Publishing ,
_c2010
300 _a384 pages :
_bcolour illustrations ;
_c21 cm
336 _2rdacontent
_atext
337 _2rdamedia
_aunmediated
338 _2rdacarrier
_avolume
650 1 0 _aHuman body.
700 _eauthor
942 _ddc
_cB
999 _c116997
_d116997